| 000 | 00890cam a22002771 4500 | ||
|---|---|---|---|
| 001 | HSB009220 | ||
| 003 | PILC | ||
| 005 | 20151110122155.0 | ||
| 008 | 750613s1965 nyucf 000 0 eng | ||
| 010 | _a65021869 | ||
| 020 | _a0671722611 | ||
| 035 | _a(OCoLC)1392321 | ||
| 040 |
_aDLC _cFO _dOCoLC _dDLC |
||
| 050 | 0 | 0 | _aPR 2808.A2 .Sh15r 1992 |
| 100 | 1 |
_aShakespeare, William, _d1564-1616. |
|
| 245 | 0 | 0 |
_aThree tragedies: romeo and juliet, hamlet, macbeth / _cby William Shakespeare ; edited by Barbara A. Mowat and Paul Werstine. |
| 260 |
_aNew York, _bWashington Square Press _cc1992. |
||
| 300 |
_a526 p. ; _c17 cm. |
||
| 440 | 0 | _aThe New Folger Library Shakespeare. | |
| 650 | 0 |
_aHamlet (Legendary character) _vDrama. |
|
| 650 | 0 |
_aPrinces _zDenmark _vDrama. |
|
| 650 | 0 |
_aAssassins _vDrama. |
|
| 700 | 1 | _aMowat, Barbara A. | |
| 700 | _aWerstine, Paul. | ||
| 942 |
_2lcc _cBK |
||
| 999 |
_c288955 _d288955 |
||